| 000 | 00374nam a2200145Ia 4500 | ||
|---|---|---|---|
| 008 | 100415s9999 xx 000 0 und d | ||
| 082 |
_b8090 _a575.1 |
||
| 100 | _aDarlington CD | ||
| 245 | _aThe Elements of Genetics | ||
| 260 |
_aLONDON _c1949 _bGEORGE ALLEN |
||
| 365 | _b0 | ||
| 630 | _aThe Elements of Genetics | ||
| 730 | _aThe Elements of Genetics | ||
| 942 | _cBOOK | ||
| 999 |
_c591041 _d591038 |
||